000 00941cam a22002891 4500
001 gs 55000317
003 DLC
005 20260227111403.0
008 780505s1955 dcubd b f000 0 eng
010 _ags 55000317
035 _a(OCoLC)3863492
040 _aDLC
_cOClU
_dISS
_dOCoLC
_dDLC
043 _an-us-sd
050 0 0 _aQE75
_b.P9 no. 262
051 _aQE696
_b.F56
082 _a551.78
_a551.79
086 0 _aI 19.16:262
100 1 _aFlint, Richard Foster,
_d1902-
245 1 0 _aPleistocene geology of eastern South Dakota.
260 _aWashington,
_bU.S. Govt. Print. Off.,
_c1955.
300 _a173 p.
_bmaps (5 fold., part col., in pocket) diagrs. (2 fold. in pocket)
_c29 cm.
410 2 0 _aGeological Survey (U.S.).
_tProfessional paper,
_v262
504 _a"Literature cited": p. 165-168.
650 0 _aGeology, Stratigraphic
_yPleistocene
650 0 _aGeology
_zSouth Dakota
650 0 _aGlacial epoch
_zSouth Dakota.
999 _c28999
_d28999